Ada tepe and neighbouring gold prospects sedimentary-hosted, epithermal deposits and occurrences in the Eastern Rhodopes, Bulgaria /

Elmentve itt :
Bibliográfiai részletek
Szerzők: Márton István
Moritz R.
Marchev P.
Bonev N.
Hasson S.
Vennemann T.
Dokumentumtípus: Cikk
Megjelent: Department of Mineralogy, Geochemistry and Petrology, University of Szeged Szeged 2006
Sorozat:Acta mineralogica-petrographica 5
Acta mineralogica-petrographica : abstract series 5
Kulcsszavak:Földtan - előadáskivonat, Kőzettan - előadáskivonat, Ásványtan - előadáskivonat
Tárgyszavak:
Online Access:http://acta.bibl.u-szeged.hu/31727
LEADER 01189nab a2200277 i 4500
001 acta31727
005 20260212140938.0
008 161017s2006 hu o 000 eng d
022 |a 0324-6523, 1589-4835 
040 |a SZTE Egyetemi Kiadványok Repozitórium  |b hun 
041 |a eng 
100 1 |a Márton István 
245 1 0 |a Ada tepe and neighbouring gold prospects   |h [elektronikus dokumentum] :  |b sedimentary-hosted, epithermal deposits and occurrences in the Eastern Rhodopes, Bulgaria /  |c  Márton István 
260 |a Department of Mineralogy, Geochemistry and Petrology, University of Szeged  |b Szeged  |c 2006 
300 |a 73 
490 0 |a Acta mineralogica-petrographica  |v 5 
490 0 |a Acta mineralogica-petrographica : abstract series  |v 5 
650 4 |a Természettudományok 
650 4 |a Föld- és kapcsolódó környezettudományok 
695 |a Földtan - előadáskivonat, Kőzettan - előadáskivonat, Ásványtan - előadáskivonat 
700 0 1 |a Moritz R.  |e aut 
700 0 1 |a Marchev P.  |e aut 
700 0 1 |a Bonev N.  |e aut 
700 0 1 |a Hasson S.  |e aut 
700 0 1 |a Vennemann T.  |e aut 
856 4 0 |u http://acta.bibl.u-szeged.hu/31727/1/mineralogica_as_005_073.pdf  |z Dokumentum-elérés